00388nam a2200109Ia 4500008004100000100002500041245010000066260001600166300001200182650001600194856006800210160712s9999 xx 000 0 und d aSantamaria, M. C. M. cM. C. M. SantamariaaPhoenix Rising: Narratives in Nyonya Beadwork from the Straits Settlements c2012bHukay avol. 17 xARCHAEOLOGY uhttp://journals.upd.edu.ph/index.php/asp/issue/view/422/showToc